বাংলা সাহিত্যের সম্পূর্ণ ইতিবৃত্ত : (Record no. 81524)
[ view plain ]
| 000 -LEADER | |
|---|---|
| fixed length control field | 01416nam a2200253 a 4500 |
| 001 - CONTROL NUMBER | |
| control field | 81524 |
| 003 - CONTROL NUMBER IDENTIFIER | |
| rucl marc code | BD-RjUL |
| 005 - DATE AND TIME OF LATEST TRANSACTION | |
| control field | 20230618115310.0 |
| 008 - FIXED-LENGTH DATA ELEMENTS--GENERAL INFORMATION | |
| fixed length control field | 230618r20212016ii |||| |||| 001 0 ben d |
| 035 ## - SYSTEM CONTROL NUMBER | |
| System control number | (BD-RjUL)81524 |
| 040 ## - CATALOGING SOURCE | |
| Original cataloging agency | BD-RjUL |
| Language of cataloging | ben |
| Transcribing agency | BD-RjUL |
| Modifying agency | BD-RjUL |
| 041 ## - LANGUAGE CODE | |
| Language code of text/sound track or separate title | ben |
| 082 04 - DEWEY DECIMAL CLASSIFICATION NUMBER | |
| Edition number | 23 |
| Classification number | 891.4409 |
| Author mark and year | BAB 2021 |
| 100 1# - MAIN ENTRY--PERSONAL NAME | |
| Personal name | বন্দ্যোপাধ্যায়, অসিতকুমার |
| 9 (RLIN) | 571 |
| 245 10 - TITLE STATEMENT | |
| Title | বাংলা সাহিত্যের সম্পূর্ণ ইতিবৃত্ত : |
| Remainder of title | খ্রীস্টীয় দশম-বিংশ শতাব্দী / |
| Statement of responsibility, etc. | অসিতকুমার বন্দ্যোপাধ্যায়; পরিবর্ধিত সংযোজন দিলীপকুমার মিত্র |
| 250 ## - EDITION STATEMENT | |
| Edition statement | নতুন পুনর্বিন্যাস সংস্করণ |
| 260 ## - PUBLICATION, DISTRIBUTION, ETC. (IMPRINT) | |
| Place of publication, distribution, etc. | কলকাতা : |
| Name of publisher, distributor, etc. | মডার্ণ বুক এজেন্সী, |
| Date of publication, distribution, etc. | ২০১৬-২০১৭ [পুনর্মুদ্রণ ২০২১] |
| 300 ## - PHYSICAL DESCRIPTION | |
| Pagination | ৬৫৬,২৮ পৃ. ; |
| Size | ২২ সেমি. |
| 500 ## - GENERAL NOTE | |
| General note | নিঘন্ট সংযুক্ত |
| 650 #7 - SUBJECT ADDED ENTRY--TOPICAL TERM | |
| Topical term or geographic name as entry element | বাংলা সাহিত্য |
| 9 (RLIN) | 572 |
| General subdivision | ইতিহাস ও সমালোচনা |
| Topical term or geographic name as entry element | Bangla literature. |
| 9 (RLIN) | 111833 |
| General subdivision | History and criticism |
| 700 ## - ADDED ENTRY--PERSONAL NAME | |
| Personal name | মিত্র, দিলীপকুমার |
| 942 ## - ADDED ENTRY ELEMENTS (KOHA) | |
| Source of classification or shelving scheme | Dewey Decimal Classification |
| Koha item type | Books |
| Lost status | Source of classification or shelving scheme | Damaged status | Not for loan | Collection code | Permanent Location | Current Location | Shelving location | Date acquired | Source of acquisition | Cost, normal purchase price | Total Checkouts | Full call number | Date last seen | Copy number | Koha item type | Date checked out |
|---|---|---|---|---|---|---|---|---|---|---|---|---|---|---|---|---|
| Dewey Decimal Classification | Not For Loan | Non-fiction | Central Library, University of Rajshahi | Central Library, University of Rajshahi | Reading Room | 01/06/2023 | Dhaka: Omni Concept | 900.00 | B 891.4409 BAB 2021 | 18/06/2023 | C-1 | Books | ||||
| Dewey Decimal Classification | Non-fiction | Central Library, University of Rajshahi | Central Library, University of Rajshahi | General Stacks | 01/06/2023 | Dhaka: Omni Concept | 900.00 | 6 | B 891.4409 BAB 2021 | 04/05/2025 | C-2 | Books | 24/04/2025 | |||
| Dewey Decimal Classification | Non-fiction | Central Library, University of Rajshahi | Central Library, University of Rajshahi | General Stacks | 01/06/2023 | Dhaka: Omni Concept | 900.00 | B 891.4409 BAB 2021 | 18/06/2023 | C-3 | Books | |||||
| Dewey Decimal Classification | Non-fiction | Central Library, University of Rajshahi | Central Library, University of Rajshahi | General Stacks | 01/06/2023 | Dhaka: Omni Concept | 900.00 | B 891.4409 BAB 2021 | 18/06/2023 | C-4 | Books | |||||
| Dewey Decimal Classification | Non-fiction | Central Library, University of Rajshahi | Central Library, University of Rajshahi | General Stacks | 01/06/2023 | Dhaka: Omni Concept | 900.00 | 4 | B 891.4409 BAB 2021 | 17/04/2024 | C-5 | Books | 19/03/2024 |